Anuario de estudios centroamericanos 1974-2014: una perspectiva sobre cuatro décadas de labor /
保存先:
| 第一著者: | |
|---|---|
| フォーマット: | テキスト |
| 言語: | Spanish |
| タグ: |
タグ追加
タグなし, このレコードへの初めてのタグを付けませんか!
|
MARC
| LEADER | 00000 a a2200000 04500 | ||
|---|---|---|---|
| 001 | 48613 | ||
| 003 | cru IIS | ||
| 005 | 20210817133057.0 | ||
| 008 | 210817b |||||||| |||| 00| 0 spa d | ||
| 040 | |c cru IIS | ||
| 100 | |a Rovira Mas, Jorge | ||
| 245 | |a Anuario de estudios centroamericanos 1974-2014: |b una perspectiva sobre cuatro décadas de labor / |c Jorge Rovira Mas | ||
| 500 | |a Colección Centroamérica | ||
| 773 | |g volumen40, (2014), páginas 339-371 : tablas, gráficos | ||
| 773 | 0 | |0 18765 |9 5758 |a Universidad de Costa Rica. |d San José, Costa Rica: Editorial Universidad de Costa Rica, 1974- |o 17406 |t Anuario de Estudios Centroamericanos / |x 03777316 | |
| 942 | |2 ddc |c PP | ||
| 999 | |c 20081 |d 20081 | ||
